| 000 | 01205nam a2200277 a 4500 | ||
|---|---|---|---|
| 001 | BRCA_46 | ||
| 005 | 20190320202847.0 | ||
| 008 | 981104s2003----mx-a#####c---#000-0#spa-d | ||
| 020 | _a9682324564 | ||
| 041 | _aspa | ||
| 044 | _amx | ||
| 050 | 4 |
_aHA765 _b.H96 2003 |
|
| 100 | 1 |
_aHumboldt, Alexander von _d1769-1859 _9207 |
|
| 245 | 1 | 0 |
_aTablas geográficas políticas del reyno de Nueva España _cAlexander von Humboldt ; coordinadores Charles Minguet y Jaime Labastida ; asesor artístico Jean-Paul Duviols. |
| 260 |
_aMéxico _bSiglo XXI _c2003 |
||
| 300 |
_a335 p. _bil. (algunas a color) _c35 cm. |
||
| 500 | _aDonado por el Dr. Jaime Labastida Ochoa representante de la Academia Mexicana de la Lengua, 19-diciembre-2018 | ||
| 501 | _aCon: El destino de un manuscrito / Elías Trabulse. -- Correspondencia mexicana, 1803-1854. -- Diario de viaje (de Acapulco a Veracruz). -- Introducción a la pasigrafía geológica | ||
| 651 | 4 |
_aMéxico _xHistoria _yColonia, 1540-1810 _9208 |
|
| 651 | 4 |
_aMéxico _xDescripción y viajes _9103 |
|
| 651 | 4 |
_aMéxico _xEstadística _9209 |
|
| 700 | 1 |
_aMinguet, Charles _9210 |
|
| 700 | 1 |
_aLabastida, Jaime _9211 |
|
| 700 | 1 |
_aDuviols, Jean-Paul _9212 |
|
| 942 |
_2lcc _cB |
||
| 999 |
_c46 _d46 |
||